La dissertation littéraire (notice n° 2174941)
[ vue normale ]
| 000 -LEADER | |
|---|---|
| fixed length control field | 01047cam a2200133 4500500 |
| 005 - DATE AND TIME OF LATEST TRANSACTION | |
| control field | 20260405051037.0 |
| 041 ## - LANGUAGE CODE | |
| Language code of text/sound track or separate title | fre |
| 042 ## - AUTHENTICATION CODE | |
| Authentication code | dc |
| 100 10 - MAIN ENTRY--PERSONAL NAME | |
| Personal name | Preiss, Axel |
| Relator term | author |
| 245 00 - TITLE STATEMENT | |
| Title | La dissertation littéraire |
| 260 ## - PUBLICATION, DISTRIBUTION, ETC. | |
| Name of publisher, distributor, etc. | Armand Colin,<br/> |
| Date of publication, distribution, etc. | 2025.<br/> |
| 520 ## - SUMMARY, ETC. | |
| Summary, etc. | La dissertation littéraire est une épreuve distinctive dans tous les concours et lors du cursus universitaire en lettres. Elle est pourtant peu choisie lorsqu’un autre exercice est proposé car elle semble exigeante et difficile. Le but de ce livre est de permettre aux étudiants de réussir leur dissertation grâce à une méthode et des exemples. Ainsi, la première partie de l’ouvrage explique en détail les étapes de la recherche conceptuelle et de l’écriture, avec des conseils pour la rédaction. Puis la deuxième partie présente une série de dissertations rédigées et de plans détaillés, avec des repères et des commentaires. |
| 856 41 - ELECTRONIC LOCATION AND ACCESS | |
| Uniform Resource Identifier | <a href="https://shs.cairn.info/la-dissertation-litteraire--9782200641887?lang=fr&redirect-ssocas=7080">https://shs.cairn.info/la-dissertation-litteraire--9782200641887?lang=fr&redirect-ssocas=7080</a> |
Pas d'exemplaire disponible.




Réseaux sociaux